00824nam a22002177a 450000100060000000300080000600500170001400800410003103500190007204000350009104100080012608200250013410000240015924501420018326000680032530000390039350200740043250400340050665000340054070000320057480621BD-RjUL20230312123023.0221025s1991 bg a|||| m||| 00| 0 eng d a(BD-RjUL)80621 aBD-RjULbengcBD-RjULdBD-RjUL aeng 223a633.85bHOC 1991 aHossain, Mrs. Salma10aCytogenetical and developmental studies of male sterility in Brassica campestris. /cBy Mrs. Salma Hossain ;6Supervisor : Asheque, Ahmed aRajshahi :bDepartment of Botany, University of Rajshahi,c1991 a[12], 111 leaves :bill, ;c29.cm. aThesis (Ph. D.) -- Department of Botany, University of Rajshahi, 1991 aReferences : Leaves 101 - 111 aOilseed plantsxBiotechnology aAhmed. Asheque, Supervisor